Sports Quiz

Random Sports or NFL Quiz

NFL Teams by Fans Quiz Stats

Quiz Updated Nov 15, 2017

Challenge
Share
Tweet
Score 0/32 Timer 05:00
9 Plays Today
Row Team % Correct
Row 1 AcrossNew England Patriots
98.7%
Row 1 AcrossGreen Bay Packers
98.5%
Row 1 AcrossCincinnati Bengals
97%
Row 1 AcrossLos Angeles Rams
97%
Row 2 AcrossLos Angeles Chargers
95.2%
Row 1 AcrossCleveland Browns
93.9%
Row 2 AcrossDallas Cowboys
93.5%
Row 2 AcrossHouston Texans
92.8%
Row 3 AcrossChicago Bears
92.5%
Row 3 AcrossOakland Raiders
89.4%
Row 3 AcrossIndianapolis Colts
89.1%
Row 2 AcrossWashington Redskins
88.8%
Row 1 AcrossSan Francisco 49ers
88.8%
Row 4 AcrossPittsburgh Steelers
88.4%
Row 3 AcrossSeattle Seahawks
86.4%
Row 4 AcrossNew Orleans Saints
84.9%
Row Team % Correct
Row 3 AcrossKansas City Chiefs
84%
Row 2 AcrossCarolina Panthers
83.8%
Row 4 AcrossMinnesota Vikings
83.2%
Row 1 AcrossBuffalo Bills
82%
Row 2 AcrossBaltimore Ravens
81%
Row 3 AcrossMiami Dolphins
80.9%
Row 3 AcrossNew York Jets
80.3%
Row 1 AcrossArizona Cardinals
77.6%
Row 2 AcrossTampa Bay Buccaneers
75.8%
Row 4 AcrossDenver Broncos
75.7%
Row 4 AcrossTennessee Titans
73.3%
Row 3 AcrossAtlanta Falcons
71.4%
Row 4 AcrossPhiladelphia Eagles
67.4%
Row 2 AcrossDetroit Lions
64.4%
Row 4 AcrossNew York Giants
54.7%
Row 4 AcrossJacksonville Jaguars
54.7%

You're not logged in!

Compare scores with friends on all Sporcle quizzes.
Sign Up with Email
OR
Log In

You Might Also Like...

Show Comments

Extras

Top Quizzes Today


Score Distribution

Your Account Isn't Verified!

In order to create a playlist on Sporcle, you need to verify the email address you used during registration. Go to your Sporcle Settings to finish the process.